Normal view
MARC view
- Latif, Kashif
Entry Personal Name
001 - CONTROL NUMBER
- control field: 19347
003 - CONTROL NUMBER IDENTIFIER
- control field: NUST
005 - DATE AND TIME OF LATEST TRANSACTION
- control field: 20190819080536.0
008 - FIXED-LENGTH DATA ELEMENTS
- fixed length control field: 190819|| aca||aabn | a|a d
040 ## - CATALOGING SOURCE
- Original cataloging agency: NUST
- Transcribing agency: NUST
100 ## - HEADING--PERSONAL NAME
- Personal name: Latif, Kashif
670 ## - SOURCE DATA FOUND
- Source citation: Work cat.: (NUST): Latif, Kashif, efficient Resource Utilization of Reconfigurable Hardware Device for SHA-3 Cryptographic Hash Algorithm Candidates /, 2012.
